[Event "Milan Bosi op"]
[Site "Milan"]
[Date "2007.10.21"]
[Round "2"]
[White "Astengo, Marcello"]
[Black "Didoni, Renato"]
[Result "1/2-1/2"]
[WhiteElo "2024"]
[BlackElo "2034"]
[PlyCount "39"]
[EventDate "2007.10.20"]
[EventType "swiss"]
[EventRounds "7"]
[EventCountry "ITA"]
[SourceTitle "EXT 2010"]
[Source "ChessBase"]
[SourceDate "2010.11.25"]
[SourceVersion "1"]
[SourceVersionDate "2010.11.25"]
[SourceQuality "1"]

1. d4 Nf6 2. c4 c6 3. Nc3 d5 4. e3 Bf5 5. Nf3 e6 6. Be2 Bd6 7. c5 Bc7 8. Nh4 Bg6 9. Nxg6 hxg6 10. g3 Nbd7 11. 0-0 Qb8 12. Bf3 Nh5 13. e4 dxe4 14. Nxe4 Ndf6 15. Qb3 Nd5 16. Bd2 Nhf6 17. Rae1 0-0 18. Bg5 Nxe4 19. Rxe4 Nf6 20. Bxf6 1/2-1/2

[Event "Valle d'Aosta op 14th"]
[Site "Saint Vincent"]
[Date "2006.10.02"]
[Round "3"]
[White "Pieri, Enzo"]
[Black "Didoni, Renato"]
[Result "1/2-1/2"]
[WhiteElo "1940"]
[BlackElo "2076"]
[PlyCount "75"]
[EventDate "2006.09.30"]
[EventType "swiss"]
[EventRounds "9"]
[EventCountry "ITA"]
[SourceTitle "CBM 114 Extra"]
[Source "ChessBase"]
[SourceDate "2006.11.03"]
[SourceVersion "1"]
[SourceVersionDate "2006.11.03"]
[SourceQuality "1"]

1. e4 d6 2. d4 Nd7 3. Nf3 c6 4. Be3 Ngf6 5. Bd3 Qc7 6. 0-0 h6 7. Nh4 e6 8. f4 Be7 9. Nc3 a6 10. e5 Nd5 11. Nxd5 cxd5 12. Qg4 Bf8 13. Bg6 Nb6 14. f5 fxg6 15. fxe6 Qxc2 16. Nxg6 Qe4 17. Qxe4 dxe4 18. Nxh8 Bxe6 19. Ng6 Be7 20. Nxe7 Kxe7 21. exd6+ Kxd6 22. Bf4+ Kd5 23. Be5 g6 24. Bg7 h5 25. Rac1 Nd7 26. Rc7 b6 27. Rfc1 Rg8 28. Bh6 g5 29. h4 gxh4 30. Be3 h3 31. R1c2 a5 32. Kh2 hxg2 33. Rxg2 Rg4 34. a3 Kd6 35. Rgc2 Rh4+ 36. Kg2 Rg4+ 37. Kh2 Rh4+ 38. Kg2 1/2-1/2

[Event "Arvier op 2nd"]
[Site "Arvier"]
[Date "2005.04.25"]
[Round "9"]
[White "Pegoraro, Nicola"]
[Black "Didoni, Renato"]
[Result "1-0"]
[WhiteElo "2082"]
[BlackElo "2060"]
[PlyCount "55"]
[EventDate "2005.04.18"]
[EventType "swiss"]
[EventRounds "9"]
[EventCountry "ITA"]
[SourceTitle "CBM 105 Extra"]
[Source "ChessBase"]
[SourceDate "2005.05.01"]
[SourceVersion "1"]
[SourceVersionDate "2005.05.01"]
[SourceQuality "1"]

1. e4 d6 2. d4 Nf6 3. Nc3 c6 4. f3 Nbd7 5. Be3 Qc7 6. Qd2 a6 7. Nh3 e6 8. Nf4 Be7 9. Be2 Nf8 10. Nd3 Ng6 11. f4 Bd7 12. Bf2 Rd8 13. Bf3 Bc8 14. 0-0-0 b5 15. g4 c5 16. g5 Ng8 17. f5 Nf8 18. dxc5 dxc5 19. Bg3 Qb6 20. Qe3 h6 21. h4 Bb7 22. Ne5 hxg5 23. hxg5 Rxd1+ 24. Rxd1 Qc7 25. Nxf7 Qxg3 26. Rg1 Rh1 27. Rxh1 Kxf7 28. Bh5+ 1-0

[Event "Arvier op 2nd"]
[Site "Arvier"]
[Date "2005.04.24"]
[Round "8"]
[White "Didoni, Renato"]
[Black "Vrban, Damir"]
[Result "1/2-1/2"]
[WhiteElo "2060"]
[BlackElo "2131"]
[PlyCount "76"]
[EventDate "2005.04.18"]
[EventType "swiss"]
[EventRounds "9"]
[EventCountry "ITA"]
[SourceTitle "CBM 105 Extra"]
[Source "ChessBase"]
[SourceDate "2005.05.01"]
[SourceVersion "1"]
[SourceVersionDate "2005.05.01"]
[SourceQuality "1"]

1. Nf3 f5 2. d4 Nf6 3. g3 g6 4. Bg2 Bg7 5. c3 0-0 6. Nbd2 c6 7. 0-0 d6 8. Qb3+ e6 9. Ng5 Qe7 10. e4 f4 11. Nh3 fxg3 12. hxg3 Kh8 13. Re1 e5 14. Nf1 Be6 15. Qc2 Nbd7 16. Ng5 Bg8 17. b3 exd4 18. cxd4 Ng4 19. Nf3 c5 20. Bb2 cxd4 21. N1h2 Nde5 22. Bxd4 Nxf3+ 23. Nxf3 Bxd4 24. Nxd4 Rxf2 25. Qc3 Rf6 26. Ne2 Qe5 27. Qxe5 Nxe5 28. Nf4 Rc8 29. Rac1 Rc6 30. Rxc6 bxc6 31. Rd1 g5 32. Ne2 Be6 33. Rxd6 Kg7 34. Nd4 Bg4 35. Rd8 c5 36. Nb5 c4 37. Rd5 cxb3 38. axb3 Nf7 1/2-1/2

[Event "Arvier op 2nd"]
[Site "Arvier"]
[Date "2005.04.23"]
[Round "7"]
[White "Rombaldoni, Denis"]
[Black "Didoni, Renato"]
[Result "1-0"]
[WhiteElo "2336"]
[BlackElo "2060"]
[PlyCount "73"]
[EventDate "2005.04.18"]
[EventType "swiss"]
[EventRounds "9"]
[EventCountry "ITA"]
[SourceTitle "CBM 105 Extra"]
[Source "ChessBase"]
[SourceDate "2005.05.01"]
[SourceVersion "1"]
[SourceVersionDate "2005.05.01"]
[SourceQuality "1"]

1. d4 g6 2. c4 Bg7 3. Nc3 d6 4. Nf3 Nc6 5. Bf4 Bg4 6. d5 e5 7. dxc6 exf4 8. cxb7 Rb8 9. Qa4+ Bd7 10. Qxa7 Bc6 11. g3 Rxb7 12. Qa3 fxg3 13. hxg3 Ne7 14. Bg2 Qb8 15. 0-0 Rxb2 16. Rab1 Rxb1 17. Rxb1 Qc8 18. Nb5 0-0 19. Rb4 Qd7 20. Qb3 Nc8 21. a4 Re8 22. Qa2 Nb6 23. a5 Nc8 24. Qd2 Ba8 25. Rb3 c6 26. Nbd4 d5 27. cxd5 cxd5 28. e3 Nd6 29. Bf1 Ne4 30. Qb4 Qg4 31. a6 Bf8 32. Qb5 Rc8 33. Ne5 Qh5 34. Qd7 Nd6 35. Nxf7 Rc1 36. Nxd6 Bxd6 37. Qxd6 1-0

[Event "ITA-ch 41st sf"]
[Site "Milan"]
[Date "1981.05.28"]
[Round "6"]
[White "Didoni, Renato"]
[Black "Capece, Adolivio"]
[Result "1/2-1/2"]
[WhiteElo "1900"]
[BlackElo "2055"]
[PlyCount "80"]
[EventDate "1981.05.23"]
[EventType "swiss"]
[EventRounds "9"]
[EventCountry "ITA"]
[SourceTitle "EXT 2023"]
[Source "ChessBase"]
[SourceDate "2022.10.05"]
[SourceVersion "1"]
[SourceVersionDate "2022.10.05"]
[SourceQuality "1"]

1. d4 Nf6 2. Nf3 g6 3. Nbd2 Bg7 4. e4 d6 5. c3 0-0 6. Be2 Nbd7 7. 0-0 e5 8. Re1 exd4 9. cxd4 Re8 10. Bc4 Nb6 11. Bb3 Be6 12. Bc2 Nh5 13. Nf1 Bg4 14. Bb3 Bxf3 15. Qxf3 Qf6 16. Rd1 Qxf3 17. gxf3 c5 18. Be3 c4 19. Bc2 d5 20. e5 Bf8 21. Ng3 Nxg3 22. hxg3 Rac8 23. Kg2 a5 24. g4 a4 25. g5 a3 26. b3 cxb3 27. Bxb3 Nc4 28. f4 b5 29. Rh1 Nb6 30. Rh3 Rc3 31. Bd2 Rxh3 32. Kxh3 Rc8 33. Kg4 Nc4 34. Be1 h5+ 35. gxh6 Bxh6 36. Bb4 Bf8 37. Be1 Be7 38. f5 gxf5+ 39. Kxf5 Kg7 40. Rb1 Rh8 1/2-1/2

[Event "ITA-ch 41st sf"]
[Site "Milan"]
[Date "1981.05.27"]
[Round "5"]
[White "Didoni, Renato"]
[Black "Gibellato, Francesco"]
[Result "0-1"]
[WhiteElo "1900"]
[BlackElo "2100"]
[PlyCount "83"]
[EventDate "1981.05.23"]
[EventType "swiss"]
[EventRounds "9"]
[EventCountry "ITA"]
[SourceTitle "EXT 2023"]
[Source "ChessBase"]
[SourceDate "2022.10.05"]
[SourceVersion "1"]
[SourceVersionDate "2022.10.05"]
[SourceQuality "1"]

1. e4 e5 2. c3 Nf6 3. d3 Nc6 4. Nf3 Be7 5. Be2 0-0 6. Nbd2 d5 7. Qc2 Be6 8. 0-0 h6 9. Re1 Re8 10. Nf1 Qd7 11. Bd2 Rad8 12. a4 a5 13. Rad1 Bc5 14. Be3 Bf8 15. N3d2 d4 16. cxd4 Nb4 17. Qb1 exd4 18. Bf4 Qxa4 19. Rc1 c5 20. Nc4 Bxc4 21. Rxc4 Qd7 22. b3 Ra8 23. Rcc1 a4 24. bxa4 Rxa4 25. Nd2 Rea8 26. Nc4 Qe6 27. Bf1 b5 28. Nd2 Nh5 29. Bg3 Nxg3 30. hxg3 Na2 31. Rc2 Nc3 32. Qb3 Qc6 33. Rb2 Ra3 34. Qc2 Qe6 35. Rc1 Ra2 36. Rcb1 Nxb1 37. Qxb1 Rxb2 38. Qxb2 Qa2 39. Qc1 Ra3 40. Nf3 Rc3 41. Qf4 Qa7 42. g4 0-1